=LDR 00000nam 2200000 4500 =001 INLIS000000000042233 =005 20131008015022 =008 ***********************************Ind** =035 ##$$0010-101300000000155 =041 ##$$a Ind =082 ##$$a 630.095 982 3 =090 ##$$a 630.095 982 3 =100 ##$$a Modernisasi =245 ##$$a Modernisasi dan Pengaruhnya Terhadapnya Sistem Pertanian di Yogyakarta =260 ##$$a 1994 $b Jakarta =300 ##$$a iii,113 hlm, Ilus, 23 cm =850 ##$$a NBPNMAT =990 ##$$a 21602474/BPAP-NTB/2017 =990 ##$$a 75407540 =990 ##$$a 21602474/BPAP-NTB/2017 =990 ##$$a 01201807540